| 000 | 00846nam a2200265 a 4500 | ||
|---|---|---|---|
| 001 | 57820 | ||
| 003 | BD-RjUL | ||
| 005 | 20211209080545.0 | ||
| 008 | 161212s1999 nyua b 001 0 eng | ||
| 020 | _a0321005430 | ||
| 035 | _a(BD-RjUL)57944 | ||
| 040 |
_aDLC _cDLC _dDLC _d(BD-RjUL) _beng |
||
| 041 | _aeng | ||
| 082 | 0 | 0 |
_a320.473 _223 _bGRS 1999 |
| 100 | 1 |
_aGreenberg, Edward S., _d1942- _9127851 |
|
| 245 | 1 | 4 |
_aThe struggle for democracy / _cEdward S. Greenberg, Benjamin I. Page. |
| 250 | _a4th ed. | ||
| 260 |
_aNew York : _bLongman, _cc1999. |
||
| 300 |
_axxxii, 672 p. : _bill. ; _c29 cm. |
||
| 504 | _aIncludes bibliographical references and index. | ||
| 650 | 0 |
_aDemocracy _zUnited States. _9126159 |
|
| 651 | 0 |
_aUnited States _xPolitics and government _vTextbooks. _9127852 |
|
| 700 | 1 |
_aPage, Benjamin I. _9127853 |
|
| 942 |
_2ddc _cBK |
||
| 999 |
_c57820 _d57820 |
||